LEADER 01232nam a2200265 i 4500 001 000000168104 003 CaOOAMICUS 005 20080129000000.0 008 080129s2007 it u000 u ita u 013 $a145506 020 $a978-88-222-5565-2 040 $aSeMil$bita 100 1 $aGiuliani, Marzia.$0(OLS)http://semarc/name/63145 245 13$aIl vescovo filosofo :$bFederico Borromeo e I sacri ragionamenti /$cMarzia Giuliani. 260 $aFirenze :$bOlschki,$c2007. 300 $aXXII, 424 p. ;$c24 cm. 490 0 $aBiblioteca della Rivista di storia e letteratura religiosa. Studi ;$v18. 600 14$aBorromeo, Federico .$0(OLS)http://semarc/subject/2522 830 0$aBiblioteca della Rivista di storia e letteratura religiosa. Studi ;$v18.$0(OLS)http://semarc/title/24100 850 $aSeMil 852 $aSeMil$W1$xVenegono$y1$m2F V 2$j119193$B119193$CSeMilBibl$Z2$F131314 $81 961 $aAcquisto: Cittą Nuova (Agente) 996 $6020$a978-88-222-5565-2$9(OLS)http://semarc/number/154808 996 $6245$aIl vescovo filosofo :$bFederico Borromeo e I sacri ragionamenti$9(OLS)http://semarc/title/240501 996 $6260$aFirenze :$bOlschki$9(OLS)http://semarc/publisher/30137 LEADER 00897nam a2200229 i 4500 001 000000062634 003 CaOOAMICUS 005 20130313000000.0 008 130313s1973 it u000 u ita u 013 $a33806 040 $aSeMil$bita 100 1 $aRoschini, Gabriele M. .$0(OLS)http://semarc/name/9852 245 13$aLa Madonna negli scritti di Maria Valtorta /$cGabriele M. Roschini. 260 $a[S.l.] :$bEdizioni Pisani,$ccopyr. 1973. 300 $a324 p. ;$c22 cm. 600 14$aValtorta, Maria <1897-1961>.$0(OLS)http://semarc/subject/12324 850 $aSeMil 852 $aSeMil$W1$xVenegono$y1$m2L IV 188$j28787$B28787$CSeMilBibl$Z2$F28790 $81 900 1 $aRoschini, Gabriele. 996 $6245$aLa Madonna negli scritti di Maria Valtorta$9(OLS)http://semarc/title/98642 996 $6260$a[S.l.] :$bEdizioni Pisani$9(OLS)http://semarc/publisher/42422